Countries with Monarchies - Statistics

General Stats
  • This quiz has been taken 258 times
    205 since last reset
  • The average score is 19 of 28
Answer Stats
Countries % Correct
Sweden
85%
Norway
82%
Belgium
81%
Netherlands
79%
Saudi Arabia
79%
Spain
79%
Denmark
76%
Japan
75%
Monaco
75%
United Kingdom
75%
Andorra
72%
Qatar
72%
Thailand
71%
Oman
70%
Bahrain
68%
Brunei
68%
Kuwait
68%
Luxembourg
68%
Jordan
65%
Bhutan
61%
Malaysia
59%
Liechtenstein
58%
Morocco
55%
Lesotho
53%
Swaziland
53%
Cambodia
50%
Vatican City
38%
Tonga
35%
No matching quizzes found
Score Distribution
Percent of People with Each Score
Percentile by Number Answered
Your Score History
You have not taken this quiz since the last reset